LEGO Batman Bosses - Statistics

General Stats
  • This quiz has been taken 189 times
  • The average score is 12 of 19
Answer Stats
Hint Answer % Correct
To The Top Of The Tower Joker | Joker's Helicopter
97%
A Frosty Reception Mr. Freeze
95%
Penguin's Lair Penguin
95%
The Face Off Riddler | Two Face
95%
A Poisonous Appointment Poison Ivy
93%
Little Fun At The Big Top Harley Quinn
86%
There She Goes Again Catwoman
84%
You Can Bank on Batman Clayface
84%
Zoo's Company Man-Bat
84%
Under The City Killer Croc
82%
In The Dark Night Killer Moth
68%
Joker's Home Turf Mad Hatter
65%
Batboat Battle Penguin's Submarine
44%
A Surprise For The Commissioner Commissioner Gordon
43%
Two-Face Chase Two-Face's Armored Truck
41%
Flight Of The Bat Scarecrow's Biplane
34%
Biplane Blast Police Battle Helicopter
25%
Stealing The Show Police Helicopter
24%
Harboring A Grudge Police Battle Hovercraft
7%
No matching quizzes found
Score Distribution
Percent of People with Each Score
Percentile by Number Answered
Your Score History
You have not taken this quiz